000 00671nam a2200193 a 4500
005 20140310183456.0
008 091116s19uu xx 00 eng d
020 _a9781843106173
050 _aHQ 783
_b.H59 2008
100 _aPlummer, Deborah M.
245 _aSocial Skills Games for Children /
_cDeborah M. Plummer, illustrarurier; foreword by Professor Jannet Wright.
260 _aLondon :
_bJessica Kingsley Publisghers,
_cc2008.
300 _a176 p. :
_bill. ;
_c24 cm.
521 _aEDU
650 _aSpecial skills in children
_xstudy and teaching.
650 _aSocial interaction in children
_xstudy and teaching.
942 _cBK
_2lcc
_kFOR
999 _c23649
_d23649